000
00290nam a2200109 a 4500
005
20201002044921.0
008
140403s1971 000 spa d
100
_a
Swift, Jonathan
_9
67282
245
4
_a
Los viajes de gulliver.
260
_a
Madrid -- Libra,
_c
1971 -- 176 p.
999
_c
43171
_d
43171
040
_a
DO-SdBNP